000
00255nam a2200097Ia 4500
001
683223
005
20250826161434.0
008
250824s9999 xx 000 0 und d
245
0
_a
ALLAH AŞKINA DUA ET
_c
TALHA BORA ÖGE
260
_b
KARATAY AKADEMİ YAYINLARI
999
_c
683223
_d
683223